000
00300nam a2200121Ia 4500
008
190216s9999||||xx |||||||||||||| ||und||
100
_a
Ouseph Devassy Thomas
245
2
_a
A Text Book Of Physics For Predegree
260
_b
Viswanathan S.
_c
1970
300
_a
478p
650
_a
Physics
942
_c
BK
999
_c
32801
_d
32801